000
00338nam a2200145 a 4500
008
150514s1991|||| d
245
1
0
_a
Cesta k pravému šťastiu
250
_a
1. vydanie
260
_b
Watch Tower Bible ...
_a
New York
_c
1991
300
_a
192 s.
020
_c
0
041
_a
slo
044
_a
xo
_c
SK
958
_a
APR
999
_c
20847
_d
20847